| 000 | 00857cab a2200241 4500 | ||
|---|---|---|---|
| 001 | ABS59463 | ||
| 008 | 090401t1998 xxu||||| |||| 00| 0 eng d | ||
| 035 | _a(Sirsi) u88994 | ||
| 041 | _aeng | ||
| 100 | _aMansfield, J.R. | ||
| 245 | _aInvestment portfolio management and financial derivatives: Paper 1 | ||
| 260 | _c1998 | ||
| 350 | _a0 | ||
| 490 |
_aProperty Management _v16(3) 1998, 166-169(4) |
||
| 520 | _aAnalyses the role of financial derivatives in risk management. Explains the main principles and types of derivative and their potential to mitigate many of the problems associated with direct property investment. | ||
| 650 | _aDERIVATIVES | ||
| 650 | _aINVESTMENT VEHICLES | ||
| 650 | _aPORTFOLIO MANAGEMENT | ||
| 690 | _aPROPERTY-PROPERTY FINANCE AND INVESTMENT | ||
| 700 | _aMcAllister, P. | ||
| 942 | _n0 | ||
| 948 | _c15/10/1998 | ||
| 999 |
_c56276 _d56276 |
||